Harry Potter and the cursed child : (Record no. 363167)
[ view plain ]
| 000 -LEADER | |
|---|---|
| fixed length control field | 00710nam a2200265Ia 4500 |
| 008 - FIXED-LENGTH DATA ELEMENTS--GENERAL INFORMATION | |
| fixed length control field | 200601s9999 xx 000 0 und d |
| 020 ## - INTERNATIONAL STANDARD BOOK NUMBER | |
| International Standard Book Number | 978-1-338-21666-0 |
| 050 ## - LIBRARY OF CONGRESS CALL NUMBER | |
| Classification number | FIC T46 |
| 050 ## - LIBRARY OF CONGRESS CALL NUMBER | |
| Item number | 2016 |
| 100 ## - MAIN ENTRY--PERSONAL NAME | |
| Personal name | Thorne, Jack. |
| 245 #0 - TITLE STATEMENT | |
| Title | Harry Potter and the cursed child : |
| 245 #0 - TITLE STATEMENT | |
| Remainder of title | parts one and two : playscript / |
| 245 #0 - TITLE STATEMENT | |
| Statement of responsibility, etc | Jack Thorne. |
| 260 ## - PUBLICATION, DISTRIBUTION, ETC. (IMPRINT) | |
| Place of publication, distribution, etc | New York : |
| 260 ## - PUBLICATION, DISTRIBUTION, ETC. (IMPRINT) | |
| Name of publisher, distributor, etc | Scholastic, |
| 260 ## - PUBLICATION, DISTRIBUTION, ETC. (IMPRINT) | |
| Date of publication, distribution, etc | 2016 |
| 300 ## - PHYSICAL DESCRIPTION | |
| Extent | 315 pages : |
| 300 ## - PHYSICAL DESCRIPTION | |
| Dimensions | 19 cm. |
| 650 ## - SUBJECT ADDED ENTRY--TOPICAL TERM | |
| Topical term or geographic name as entry element | Magic -- Drama. |
| 650 ## - SUBJECT ADDED ENTRY--TOPICAL TERM | |
| Topical term or geographic name as entry element | Potter, Harry (Fictitious character) -- Drama. |
| 650 ## - SUBJECT ADDED ENTRY--TOPICAL TERM | |
| Topical term or geographic name as entry element | Wizards -- Drama. |
| 650 ## - SUBJECT ADDED ENTRY--TOPICAL TERM | |
| General subdivision | Fantasy drama. |
| 650 ## - SUBJECT ADDED ENTRY--TOPICAL TERM | |
| General subdivision | Good and evil -- Drama. |
| 650 ## - SUBJECT ADDED ENTRY--TOPICAL TERM | |
| General subdivision | Witches -- Drama. |
| Withdrawn status | Lost status | Damaged status | Home library | Current library | Shelving location | Date acquired | Cost, normal purchase price | Total Checkouts | Full call number | Barcode | Date last seen | Price effective from | Koha item type |
|---|---|---|---|---|---|---|---|---|---|---|---|---|---|
| South Mansfield College | South Mansfield College | Fiction Section | 01/09/2020 | 416.00 | FIC T46 2016 | SMC06291 | 06/01/2020 | 06/01/2020 | Books |